| 000 | 00587nam a22002177a 4500 | ||
|---|---|---|---|
| 005 | 20170124110046.0 | ||
| 010 | _a391715 | ||
| 020 | _c00.00 | ||
| 035 | _a391715 | ||
| 037 | _bCen Lib/Ret | ||
| 040 |
_aDPL _bEN |
||
| 082 |
_a746.44 _bCOX |
||
| 100 |
_aCox's, Hebe _924594 |
||
| 245 |
_aCanvas embroidery / _cby Hebe Cox's |
||
| 260 |
_aLondon _bMills & Boon Limited _c1960 |
||
| 270 | _a50, Grafton Way, Fitzroy Square | ||
| 300 |
_a92p. : _c19cm(Hb) _bill. |
||
| 500 | _aIncludes index | ||
| 650 |
_aEmbroidery work. _924595 |
||
| 942 |
_2ddc _cEN _h746.44 _mCOX |
||
| 999 |
_c128844 _d128844 |
||